| 000 | 00469nam a2200169Ia 4500 | ||
|---|---|---|---|
| 999 |
_c18730 _d18730 |
||
| 003 | OSt | ||
| 005 | 20200512113207.0 | ||
| 008 | 190216s9999||||xx |||||||||||||| ||und|| | ||
| 040 | _coclc | ||
| 082 |
_a297 _bWAT/W |
||
| 100 |
_a Watt, William Montgomery _92198 |
||
| 245 | 0 |
_aWhat Is Islam? / _cWilliam Montgomery Watt |
|
| 260 |
_bLongmans, _c1968. |
||
| 300 | _a256p | ||
| 650 | _aIslamic History | ||
| 942 |
_cBK _2ddc _h297 _iWAT/W _k297 _mWAT/W |
||